熊本県の市町村(1960年) - Statistics

General Stats
  • This quiz has been taken 49 times
  • The average score is 62 of 104
Answer Stats
No. 市町村 備考 % Correct
1 熊本市 2012年政令指定
100%
2 八代市
94%
5 水俣市
94%
6 玉名市
94%
3 人吉市
88%
4 荒尾市
88%
9 牛深市 2006年消滅
82%
11 宇土市
82%
50 阿蘇郡 小国町
82%
61 上益城郡 益城町
82%
91 球磨郡 球磨村
82%
7 本渡市 2006年消滅
76%
10 菊池市
76%
30 玉名郡 菊水町 2006年消滅
76%
33 玉名郡 長洲町
76%
49 阿蘇郡 南小国村 1969年昇格
76%
51 阿蘇郡 産山村
76%
58 阿蘇郡 西原村
76%
8 山鹿市
71%
17 宇土郡 三角町 2005年消滅
71%
29 玉名郡 玉東村 1967年昇格
71%
31 玉名郡 三加和村 1968年昇格
71%
32 玉名郡 南関町
71%
38 鹿本郡 植木町 2010年消滅
71%
42 菊池郡 大津町
71%
44 菊池郡 合志村 1966年昇格
71%
46 菊池郡 西合志村 1966年昇格
71%
47 阿蘇郡 一の宮町 2005年消滅
71%
48 阿蘇郡 阿蘇町 2005年消滅
71%
53 阿蘇郡 蘇陽町 2005年消滅
71%
54 阿蘇郡 高森町
71%
59 上益城郡 御船町
71%
60 上益城郡 嘉島村 1969年昇格
71%
62 上益城郡 甲佐町
71%
63 上益城郡 矢部町 2005年消滅
71%
83 球磨郡 多良木町
71%
84 球磨郡 湯前町
71%
88 球磨郡 相良村
71%
89 球磨郡 五木村
71%
102 天草郡 苓北町
71%
18 宇土郡 不知火町 2005年消滅
65%
24 下益城郡 中央村 1975年昇格
65%
25 下益城郡 砥用町 2004年消滅
65%
26 玉名郡 岱明村 1965年昇格
65%
36 鹿本郡 鹿本町 2005年消滅
65%
37 鹿本郡 鹿央村 1965年昇格
65%
41 菊池郡 旭志村 2005年消滅
65%
56 阿蘇郡 久木野村 2005年消滅
65%
57 阿蘇郡 長陽村 2005年消滅
65%
71 八代郡 宮原町 2005年消滅
65%
73 八代郡 泉村 2005年消滅
65%
19 下益城郡 城南町 2010年消滅
59%
20 下益城郡 富合村 1971年昇格
59%
21 下益城郡 松橋町 2005年消滅
59%
27 玉名郡 横島村 1968年昇格
59%
34 鹿本郡 鹿北村 1963年昇格
59%
40 菊池郡 七城村 1968年昇格
59%
43 菊池郡 菊陽村 1969年昇格
59%
55 阿蘇郡 白水村 2005年消滅
59%
69 八代郡 鏡町 2005年消滅
59%
70 八代郡 竜北村 1974年昇格
59%
79 球磨郡 錦村 1965年昇格
59%
85 球磨郡 水上村
59%
90 球磨郡 山江村
59%
103 天草郡 天草町 2006年消滅
59%
14 飽託郡 飽田村 1971年昇格
53%
22 下益城郡 小川町 2005年消滅
53%
28 玉名郡 天水町 2005年消滅
53%
35 鹿本郡 菊鹿村 1965年昇格
53%
45 菊池郡 泗水村 1961年昇格
53%
52 阿蘇郡 波野村 2005年消滅
53%
64 上益城郡 清和村 2005年消滅
53%
74 葦北郡 田浦町 2005年消滅
53%
77 葦北郡 津奈木村 1963年昇格
53%
81 球磨郡 免田町 2003年消滅
53%
82 球磨郡 岡原村 2003年消滅
53%
92 天草郡 大矢野町 2004年消滅
53%
104 天草郡 河浦町 2006年消滅
53%
23 下益城郡 豊野村 2000年昇格
47%
72 八代郡 東陽村 2005年消滅
47%
80 球磨郡 上村 2003年消滅
47%
86 球磨郡 須恵村 2003年消滅
47%
87 球磨郡 深田村 2003年消滅
47%
93 天草郡 松島町 2004年消滅
47%
94 天草郡 有明町 2006年消滅
47%
96 天草郡 龍ヶ岳町 2004年消滅
47%
101 天草郡 五和町 2006年消滅
47%
67 八代郡 千丁村 1976年昇格
41%
75 葦北郡 葦北町 1970年消滅
41%
95 天草郡 姫戸村 1962年昇格
41%
97 天草郡 御所浦村 1963年昇格
41%
98 天草郡 倉岳町 2006年消滅
41%
12 飽託郡 北部村 1968年昇格
35%
16 飽託郡 託麻村 1970年消滅
35%
99 天草郡 栖本村 1962年昇格
35%
15 飽託郡 天明村 1971年昇格
29%
76 葦北郡 湯浦町 1970年消滅
29%
100 天草郡 新和村 1961年昇格
29%
13 飽託郡 河内芳野村 1971年昇格
24%
39 鹿本郡 田底村 1969年消滅
24%
78 葦北郡 百済来村 1961年消滅
24%
65 八代郡 下松求麻村 1961年消滅
18%
66 八代郡 上松求麻村 1961年消滅
18%
68 八代郡 竜峰村 1961年消滅
12%
No matching quizzes found
Score Distribution
Percent of People with Each Score
Percentile by Number Answered
Your Score History
You have not taken this quiz